[Event "Maalot Tarshiha"]
[Site "Maalot Tarshiha"]
[Date "2008.01.11"]
[Round "5"]
[White "Rodshtein, Maxim"]
[Black "Postny, Evgeny"]
[Result "0-1"]
[WhiteElo "2614"]
[BlackElo "2627"]
[Annotator "Postny,Evgeny"]
[PlyCount "60"]
[EventDate "2008.01.07"]
[EventType "tourn"]
[EventRounds "9"]
[EventCountry "ISR"]
[EventCategory "15"]
[SourceTitle "CBM 122"]
[Source "ChessBase"]
[SourceDate "2008.01.30"]
[SourceVersion "1"]
[SourceVersionDate "2008.01.30"]
[SourceQuality "1"]

1. d4 d5 2. c4 c6 3. Nf3 Nf6 4. Nc3 dxc4 5. a4 e6 {Recently, this variation has gained some popularity. Black is mixing up both the Slav and the Queen's Gambit Accepted.} 6. e4 {The most aggressive reply.} ({The solid alternative} 6. e3 c5 7. Bxc4 Nc6 8. O-O Be7 9. Qe2 cxd4 10. exd4 O-O {leads to a position where White has an extra tempo (a2-a4) compared to a normal Queen's Gambit Accepted. On the other hand, Black gets control over the b4-square and might use it for a knight transfer c6-b4-d5.}) 6... Bb4 7. e5 (7. Bg5 {could transpose to one of the side lines of the Botvinnik Variation - D44.}) 7... Nd5 8. Bd2 b5 9. Ng5 {A typical knight move, opening the diagonal for the white queen and also preparing to transfer the knight to the d6-square via e4. Usually, White plays 9.axb5 at first, forcing Black to part with his dark-squared bishop. However, the move in the text was obviously prepared by Maxim Rodshtein at home, since I had played the same line just two rounds before against Moiseenko.} (9. axb5 Bxc3 10. bxc3 cxb5 11. Ng5 Qe7 12. Qh5 Nd7 13. Be2 Bb7 14. Bg4 $6 (14. Bf3 $142 $44) 14... Nc7 $1 {[%csl Ye6]} 15. O-O h6 16. Bf3 Bxf3 17. Nxf3 O-O $15 {½-½ Moiseenko,A (2643)-Postny,E (2627)/Maalot-Tarshiha ISR 2008/The Week in Chess 688 (37)}) ({RR} 9. h4 h6 10. Rh3 Nd7 11. Rg3 g6 12. Ne4 Qe7 13. Be2 N7b6 14. axb5 cxb5 15. Kf1 Bd7 16. Bxb4 Qxb4 17. Nd6+ Kf8 18. Ne1 Na4 19. Bf3 Qb3 20. Qxb3 cxb3 21. Bxd5 exd5 22. Rxb3 a5 23. Nxb5 Rb8 {Salem,A (2650)-Caruana,F (2813) Douglas 2016 ½-½ (50)}) ({RR} 9. axb5 Bxc3 10. bxc3 cxb5 11. Ng5 Bb7 12. h4 Qe7 13. Rh3 Nd7 14. Rg3 f5 15. exf6 N7xf6 16. Qe2 O-O 17. Qxe6+ Qxe6+ 18. Nxe6 Rf7 19. Nc5 Re8+ 20. Kd1 Bc8 21. Be2 Rfe7 22. Bf3 b4 23. cxb4 c3 {Brunner,N (2427)-Laurusas,T (2573) Vrnjacka Banja SRB 2024 0-1 (41)}) ({RR} 9. axb5 Bxc3 10. bxc3 cxb5 11. Ng5 Nd7 12. h4 Qe7 13. Qh5 Bb7 14. Rh3 h6 15. Ne4 Nf4 16. Qg4 Bxe4 17. Bxf4 f5 18. exf6 Nxf6 19. Qd1 O-O 20. Be5 Rf7 21. Re3 Raf8 22. f4 Bf5 23. Bxf6 Qxf6 {Stocek,J (2531)-Postny,E (2662) Gjakova 2016 1-0 (47)}) 9... Qe7 $146 {This was an improvisation over the board. I just thought that in the event of 10.axb5 xc3 11.bxc3 cxb5 the position would transpose into my game vs Moiseenko, as I was satisfied with the results of the opening in that game. Previously played 9...e7 is a bit more solid.} ({A tactical justification of 9.g5 is:} 9... Nxc3 10. bxc3 Bxc3 11. Bxc3 Qxg5 12. axb5 {and Black can't recapture by} cxb5 $2 {in view of} 13. Qf3 $18 {[%csl Ra8]}) (9... Be7 10. Nce4 h6 11. Nf3 O-O 12. Be2 Nd7 13. O-O a6 14. b3 cxb3 15. Qxb3 Bb7 16. Bd3 c5 17. axb5 axb5 18. Qxb5 Qc7 19. dxc5 Nxc5 20. Nxc5 Bxc5 $11 {½-½ Eljanov,P (2658)-Drozdovskij,Y (2561)/Poltava 2006/CBM 116 (34)}) 10. h4 $6 {This move I didn't expect and I am still rather sceptical about its value. The point is should White castle kingside he might well regret this pawn advance.} ({I expected} 10. Qh5 h6 11. Nge4 {with a very complicated, double-edged position.}) ({Another playable option is} 10. Be2 {followed by castling. In this case White can count on long-term compensation as well.}) 10... Nd7 $146 ({RR} 10... Bb7 11. axb5 Bxc3 12. bxc3 cxb5 13. Rh3 Nd7 14. Qh5 g6 15. Qg4 f5 16. exf6 N7xf6 17. Qxe6 Qxe6+ 18. Nxe6 Bc8 19. Nc5 Bxh3 20. gxh3 Kf7 {½-½ (20) Yrjola,J (2372)-Valli,F (2237) Jyvaskyla 2013}) 11. Be2 (11. axb5 Bxc3 12. bxc3 cxb5 13. Qb1 a6 14. Nxh7 $2 (14. Ne4 $142 $44) 14... f6 15. Be2 Bb7 16. Bh5+ Kd8 $17 {The h7 won't survive.}) 11... c5 $5 {Going for a big mess. Instead, I could continue developing, but I could not resist the chance to meet play on the flank (10.h4) by a strike in the centre.} (11... Bb7 12. axb5 Bxc3 13. bxc3 cxb5 14. Qb1 Bc6 {was a worthy alternative.}) 12. Nxb5 $1 {White chooses the best capture out of numerous options.} (12. axb5 $2 cxd4 13. Nxd5 exd5 $17) (12. dxc5 Nxe5 13. Nxd5 exd5 14. Bxb4 Nd3+ 15. Kf1 Nxb4 $17) (12. Nxd5 Bxd2+ (12... exd5 13. Bxb4 cxb4 14. axb5 f6 $15) 13. Qxd2 exd5 14. axb5 cxd4 15. Qxd4 Qxe5 $15) 12... cxd4 13. O-O $2 {I was very surprised by such a cold-blooded move, which falls short. I expected only the obvious capture of the c4.} (13. Bxc4 Nxe5 14. Bxd5 exd5 15. O-O O-O $11 (15... Bxd2 $6 16. Qxd2 O-O (16... h6 $2 17. Rfe1 $1 hxg5 18. Rxe5 Qxe5 19. Re1 Qxe1+ 20. Qxe1+ $18) 17. Qxd4 $14) 16. Bxb4 Qxb4 17. Nxh7 Re8 (17... Kxh7 $6 18. Qh5+ Kg8 19. Qxe5 $14) 18. Ng5 d3 19. f4 Bg4 20. Qb1 f6 21. fxe5 fxg5 22. Qxd3 Rxe5 {with a dynamically balanced position.}) 13... d3 14. Bf3 $6 {Objectively, White's position is already bad. However, a piece sacrifice by 14.xb4 would force me to play very precisely.} (14. Bxb4 $5 Qxb4 $3 {This would be a difficult decision to make, as it seems very tempting to grab a piece immediatly.} (14... dxe2 $2 15. Qxe2 Qxb4 16. Nd6+ Ke7 (16... Kf8 17. Ngxf7 Kg8 18. Qh5 g6 19. Qg5 Bb7 20. h5 Nf8 21. Nh6+ Kg7 22. Rad1 $18 {on the next move White will eliminate Black's key defender by 23.xd5 and win.}) 17. Ngxf7 Rf8 18. Qh5 {[%cal Gh5g5]} h6 (18... Nxe5 $2 19. Qg5+ Nf6 20. Nxe5 Kxd6 21. Rfd1+ $1 Nd5 22. Qg3 Kc7 23. Rac1 $18) (18... Bb7 19. Qg5+ N5f6 20. Nxb7 Rxf7 21. exf6+ gxf6 22. Qb5 Qxb5 23. axb5 $14) 19. Qg6 Bb7 (19... Ba6 $1 20. Qxg7 Rg8 21. Qh7 N5f6 22. exf6+ Nxf6 23. Qxh6 Bb7 24. g3 Raf8 25. Qe3 Rxf7 26. Nf5+ Kd7 27. Rfd1+ Bd5 28. Nh6 $14) 20. Ng5 $1 hxg5 21. Qxg5+ N5f6 22. Qxg7+ Kd8 23. Nxb7+ Qxb7 24. exf6 Rxf6 25. Rad1 Rf5 26. h5 $18 {[%csl Gh5] Black is completely tied up and defenseless against the march of the h-pawn.}) 15. Nd6+ Ke7 16. Ngxf7 (16. Ndxf7 dxe2 17. Qxe2 Rf8 18. Qg4 Qb6 $19) 16... Nxe5 $1 {The point of Black's defence. This strike ruins White's attacking chain. In the event of 14...dxe2 this would not be possible because of White's queen on e2 protecting the e5.} (16... Rf8 $2 17. Bf3 Rxf7 18. Bxd5 exd5 19. Qh5 Rf8 20. Qg5+ Ke6 21. Rae1 d2 22. Qg4+ Ke7 23. Qg5+ {with a perpetual check.}) 17. Nxe5 Qxd6 18. Nxc4 dxe2 19. Qxe2 Qf4 $19) 14... O-O $1 {Now my king is safe.} 15. Bxb4 Qxb4 16. Bxd5 exd5 17. Nc7 (17. Qh5 h6 18. Nxf7 Qe7 (18... Rxf7 19. e6 Re7 20. exd7 (20. Qxd5 $2 Nb6 21. Qd8+ Kh7 $19) 20... Bb7 21. Nc7 Rd8 22. Nxd5 Bxd5 23. Qxd5+ Kh8 $17) 19. Nfd6 Qxe5 20. Qxe5 Nxe5 21. Nc7 Rb8 22. Nxd5 Be6 $19) (17. e6 fxe6 18. Nc7 (18. Nxe6 Rf7 19. Nd8 Rf5 $19) 18... Rb8 19. Ngxe6 Rf6 20. Nxd5 Qd6 21. Nxf6+ Nxf6 22. Ng5 Rxb2 {and two connected passed pawns should decide the outcome.}) {[%tqu "En","The rook is attacked. Should Black play 17...b8?","","","d7e5","Very strong. The rook sacrifice is temporary, Black will trap the knight and get two superb pawns for the exchange. Meanwhile, the dangerous e5 is eliminated and White's attacking chances evaporate.",15,"a8b8","",0]} 17... Nxe5 $1 {Very strong. The rook sacrifice is temporary, Black will trap the knight and get two superb pawns for the exchange. Meanwhile, the dangerous e5 is eliminated and White's attacking chances evaporate.} (17... Rb8 $2 18. Nxd5 Qc5 19. Qh5 h6 20. Nxf7 Qxd5 (20... Rxf7 $2 21. e6 $18) 21. Nxh6+ gxh6 22. Qg6+ Kh8 23. Qxh6+ {with a perpetual check.}) 18. Nxa8 Qb8 ({One engine shows the cold-blooded} 18... Qd6 $1 {which would have been even stronger. In that case Black will capture the a8 with his rook, keeping the queen in an active position.}) 19. Qe1 (19. Qh5 Bf5 20. Rae1 f6 21. f4 Ng4 $19) 19... h6 20. f4 Ng4 {A great square for the knight.} 21. Nf3 Qxa8 {[%csl Gc4,Gd3,Gd5,Gg4] Black's position is winning thanks to his connected, far advanced pawns. White's king is not safe as well, which will become very apparent later in the game.} 22. Qc3 Bf5 23. Qd4 Qb7 24. b3 $1 {A good practical chance, but insufficient.} Rc8 25. Rac1 (25. bxc4 dxc4 26. Rab1 Qe4 $19) 25... Qxb3 {After long thought, I came to the conclusion that I should not exchange queens, but to go for a direct attack against the white monarch.} (25... Qb6 $6 26. Qxb6 axb6 27. bxc4 dxc4 28. Rc3 {and I wasn't sure if I could break down White's blockade.}) 26. Qxa7 d2 $1 27. Nxd2 Qg3 {[%csl Rg1]} 28. Nf3 Bd3 29. Qd7 (29. Rfe1 Be4 30. Rf1 Nh2 $1 $19 (30... Qxf4 $19)) (29. a5 Bxf1 30. Rxf1 Re8 31. Qd7 Nf6 $19 {[%cal Ge8e2]}) 29... Rf8 {29...b8 followed by 30...b2 was just mating, but in time-trouble there is a typical human desire to put all the pieces on defended squares.} 30. Rce1 Be4 {There is no defence against removing the f3 followed by h2+ and h1+. White resigned.} 0-1

[Event "Linares 12th"]
[Site "Linares"]
[Date "1994.??.??"]
[Round "2"]
[White "Shirov, Alexei"]
[Black "Lautier, Joel"]
[Result "0-1"]
[WhiteElo "2715"]
[BlackElo "2625"]
[Annotator "Lautier,Joel"]
[PlyCount "122"]
[EventDate "1994.02.??"]
[EventType "tourn"]
[EventRounds "13"]
[EventCountry "ESP"]
[EventCategory "18"]
[SourceTitle "CBM 040"]
[Source "ChessBase"]
[SourceDate "1994.06.01"]
[SourceVersion "1"]
[SourceVersionDate "1994.06.01"]
[SourceQuality "1"]

1. d4 d5 2. c4 e6 3. Nc3 Bb4 4. a3 Bxc3+ 5. bxc3 c5 6. e3 Ne7 $5 7. Bd3 Qc7 8. cxd5 exd5 9. Ne2 Bf5 10. Bxf5 Nxf5 11. O-O O-O 12. Nf4 $146 (12. f3 $5 $14 { e4}) ({RR} 12. f3 Nd7 13. e4 Ne7 14. Bg5 f6 15. Be3 c4 16. Qc2 Rfe8 17. g4 Qc6 18. Ng3 b5 19. g5 Rf8 20. gxf6 Qxf6 21. a4 a6 22. Qb2 Qc6 23. Qb4 Ng6 24. axb5 axb5 25. Rxa8 Rxa8 26. Nf5 Rf8 {Holt,C (2513)-Mitkov,N (2484) Wheeling 2013 ½-½ (81)}) 12... Ne7 $10 13. c4 $2 dxc4 (13... cxd4 $2 14. cxd5 $16 dxe3 $2 15. d6 $18) 14. d5 Ng6 15. Nh5 Qe5 $6 (15... Nd7 $1 16. Bb2 f6 { de5} (16... Nde5 $2 17. f4 $18) 17. f4 Rae8 18. Qf3 b5 19. e4 (19. Rac1 Nb6 20. e4 b4 21. axb4 cxb4 22. Bd4 c3 $17 { c4}) 19... b4 20. axb4 cxb4 21. Bd4 Nc5 $17) 16. Rb1 Rd8 17. Qg4 $1 (17. Rxb7 Qxd5 18. Qxd5 Rxd5 19. g4 c3 $1 (19... Nc6 20. Bb2 Nce5 21. h3 $14 { f4}) 20. Rb3 Nd7 (20... Rd3 21. Bb2 $1 $14) 21. Rxc3 Nde5 22. e4 (22. h3 Rad8 23. f4 Nd3 $10) 22... Rd4 23. Rxc5 Rxe4 24. h3 $10) 17... Nd7 (17... Qxd5 $2 18. Bb2 { bd1+-} Qd7 19. Qxc4 $16) 18. e4 b6 19. Bb2 $1 c3 20. Ba1 c4 $1 21. Qf3 $1 (21. Rbc1 $6 Nc5 22. Rfe1 Na4 (22... Nd3 $6 23. Bxc3 Qe7 24. Nxg7 Nxe1 (24... Nxc1 $2 25. Nf5 Qxa3 26. Nh6+ Kf8 27. Qf5 Qe7 28. Bb4 $18) 25. Rxe1 (25. Nf5 $2 Qxa3 26. Nh6+ Kf8 27. Qf5 Nf3+ $19) 25... Qxa3 26. Qg3 $1 $40 {} b5 27. Nf5 { 28.h6 f8 29.g7+-} b4 28. Nh6+ Kf8 29. Qc7 $1 $18) 23. Re3 Re8 (23... Qd4 $6 24. Rexc3 $5 (24. Bxc3 Nxc3 25. Rexc3 (25. Rcxc3 $2 Rxd5 $19) 25... b5 $13 (25... Rxd5 $4 26. Rxc4 Rc5 27. Rxd4 Rxc1+ 28. Rd1 $18)) 24... Nxc3 25. Bxc3 Qc5 26. Nxg7 Qxa3 27. Qg5 $40) 24. Bxc3 Nxc3 25. Rcxc3 b5 $15) 21... f6 (21... Nc5 $4 22. Bxc3 Qxe4 23. Nf6+ $1 gxf6 24. Qxf6 Kf8 25. Rfe1 $18) 22. Bxc3 Qe7 23. Qg4 $1 { f4} Nde5 (23... Qxa3 $2 24. Bb4 (24. Qe6+ $2 Kh8 25. Qf7 Qf8 $1 $17) 24... Qa4 25. f4 $1 $18 { f5} (25. Qe6+ $2 Kh8 26. Qf7 Rg8 27. f4 c3 $1 28. Bxc3 Qxe4 29. Qxd7 Qe3+ 30. Kh1 Qxc3 $15)) (23... Kh8 $6 24. f4 $1 {} Qxe4 $2 25. Rbe1 Qd3 26. Rf3 Qxd5 27. f5 Qc5+ 28. Kf1 $18) 24. Qg3 Nd3 25. f4 $1 Kh8 (25... Qxa3 $2 26. f5 Qxc3 27. Qc7 $1 $18) (25... Qxe4 $2 26. f5 (26. Bxf6 $2 Rxd5 $1) 26... Qh4 (26... Rxd5 27. Nxg7 $1 Kxg7 28. fxg6 $18 {}) 27. Qxh4 $1 Nxh4 28. g3 $18) (25... Rd7 26. Nxf6+ $5 (26. e5 $2 fxe5 27. fxe5 Rxd5 28. e6 Rxh5 29. Qf3 (29. Rf7 Qc5+ 30. Kh1 Nde5 $19) 29... Qc5+ 30. Kh1 Rf8 31. e7 Rxf3 32. e8=Q+ Rf8 $19) (26. Bxf6 $6 gxf6 27. f5 Qd6 $1 $8 28. fxg6 Qxg3 29. hxg3 Rd6 $1 30. gxh7+ Kxh7 31. Nxf6+ Kg6 32. Ng4 Re8 $15) 26... gxf6 27. f5 Qd6 $1 $8 28. fxg6 Qxg3 29. hxg3 Rd6 (29... Re8 $2 30. Rxf6 Rxe4 31. Rbf1 Re8 32. Rf7 $18) 30. Rxf6 Rxf6 31. Bxf6 hxg6 (31... Re8 $2 32. d6) 32. Bc3 $1 $14 {} Re8 $2 33. e5 $1 Nxe5 $2 34. Re1 $18) 26. Kh1 Rd7 $5 27. e5 $1 (27. Rf3 $4 Qxe4 28. f5 Nf2+ $19) (27. Qg4 Rad8 $1 { e4} 28. Qf5 (28. Qe6 Qxa3 $1 29. Bxf6 (29. Nxf6 $2 Rd6 { c3} 30. Qh3 gxf6 $19) 29... gxf6 30. Qxf6+ {see 28.f5}) 28... Qxa3 $1 29. Bxf6 (29. Nxg7 $2 Qxc3 $19) (29. Nxf6 $2 Rf7 $1 (29... Qxc3 $2 30. Nxd7 $18 { e5}) 30. Qe6 Rdf8 $17) 29... gxf6 30. Qxf6+ Kg8 31. f5 (31. Rf3 $2 Rf8 32. Qe6+ Rdf7 33. f5 Qa2 (33... Nge5 34. Qxe5 Nxe5 35. Rxa3 $14) 34. Rbf1 Nge5 35. Rg3+ Kh8 $19) 31... Nge5 32. Qg5+ Kh8 33. Qf6+ $10) (27. f5 Nge5 28. Qh4 $5 $13 { a4} (28. Nf4 $2 Nxf4 (28... Qxa3 $2 29. Bxe5 fxe5 30. Ng6+ $1 hxg6 31. fxg6 $18) 29. Rxf4 Qxa3 30. Rh4 { e5} Qd6 (30... Qe7 31. Qh3 h6 32. Bd2 Nf7 $17) 31. Qh3 h6 32. Bd2) (28. a4 $6 Nc5 $5 29. Rf4 Nxa4 (29... Ned3 $2 30. Rh4 Nxe4 31. Qg6 $1 Nxc3 (31... hxg6 32. Nxf6#) 32. Qxh7+ $1 Kxh7 33. Nxf6#) 30. Bd4 (30. Bxe5 $2 Qxe5 $17) 30... Nc5 31. Rh4 Ncd3 32. Rf1 Rc8 33. Qh3 h6 $15 (33... c3 $2 34. Nf4 Nxf4 35. Rxh7+ Kg8 36. Rxf4 $18)) 28... Qxa3 $2 29. Nxf6 $1 $18) 27... fxe5 28. fxe5 (28. f5 $2 Ngf4 $19) 28... Rxd5 (28... Ngxe5 $2 29. Rbe1 Rxd5 (29... Nxe1 30. Bxe5 Nd3 31. Bxg7+ Qxg7 32. Nxg7 Rxg7 33. Qe3 $18) (29... Re8 30. Bxe5 Nxe5 31. Rxe5 $18) 30. Nf4 $1 Nxf4 31. Qxf4 Re8 32. Rxe5 Rxe5 33. Bxe5 $18) (28... Ndxe5 $2 29. Rbe1 Rxd5 30. Nf4 $1 $18) 29. e6 $1 (29. Qf3 $2 Qe6 $1 30. Rb5 Rdd8 $1 31. Qf7 Qxf7 32. Rxf7 Ndxe5 $19) 29... Rxh5 30. Qf3 Re8 $2 {Zeitnot} (30... Rd8 $1 31. Qxh5 Qxe6 32. Qf3 Kg8 33. Qb7 Qd7 $1 34. Qe4 Qd5 $14) 31. Qxh5 Qxe6 32. Qf3 $1 Kg8 (32... h6 $2 33. Qf7 $18) 33. Qb7 Qe7 (33... Re7 $2 34. Qb8+ $18) 34. Qc6 $6 {Zeitnot} (34. Qd5+ $1 Qe6 35. Qd4 $1 Re7 (35... Nge5 36. Rbe1 $1 h6 (36... Nxe1 37. Rxe1 Qf7 38. h3 $18 {× g7}) 37. Rxe5 $1 Nxe5 (37... Qxe5 38. Qxc4+ $18) 38. Re1 $18) 36. Qd8+ Re8 37. Qc7 Re7 38. Qb8+ $18) 34... Nge5 $8 (34... Qe6 $2 35. Qc7 $1 Re7 36. Qb8+ $18) (34... Qe4 $2 35. Qc7 Re7 (35... Nf2+ 36. Kg1 Nh3+ 37. gxh3 Qe3+ 38. Rf2 Qxc3 39. Qf7+ $18) 36. Qb8+ Re8 37. Qxa7 $18) 35. Qe4 h6 (35... Qxa3 $2 36. Qd5+ Kh8 37. Bxe5 Nxe5 38. Rbe1 $1 Qc5 39. Rxe5 $18) (35... Qe6 $2 36. Bxe5 $1 Nxe5 37. Rbe1 g6 (37... c3 38. Rf5 c2 39. Qxc2 $18) 38. Qd4 $18 { e4, fe1}) (35... Qc5 36. Rbe1 $1 { e5, f5} (36. Bxe5 $2 Nxe5 37. Rbe1 c3 $132) (36. Bd4 Qc6 $1 $13 {} 37. Rbe1 $2 Nxe1 38. Rxe1 Qxe4 39. Rxe4 Rd8 $1 $19) 36... h6 {see 35...h6 36.be1 c5} (36... Nxe1 $2 37. Rxe1 $18)) 36. a4 $2 (36. Rbe1 $1 Qc5 (36... Nxe1 $2 37. Rxe1 Ng6 38. Qxc4+ Qf7 39. Rxe8+ $18) (36... Qxa3 $2 37. Qd5+ Kh7 38. Bxe5 Nxe1 39. Rf7 $1 Re7 40. Bxg7 Rxf7 41. Qxf7 $18) 37. Bd4 (37. Rf5 $2 Nxe1 (37... Nf2+ $2 38. Rxf2 Qxf2 39. Bxe5 c3 40. Qc4+ Kh7 41. Qxc3 $18) 38. Qxe1 Qxa3 39. Rxe5 Rxe5 40. Bxe5 $13) 37... Qc7 (37... Qd6 38. Bxe5 Rxe5 (38... Nxe5 39. Rf5 $18) (38... Nxe1 39. Qxc4+ Qe6 40. Qxe6+ Rxe6 41. Rxe1 $18) 39. Qxc4+ $18) (37... Qc8 38. Rf5 (38. Qd5+ $5 Qe6 39. Rxe5 $1 Nxe5 40. Qxe6+ Rxe6 41. Re1 Nc6 42. Rxe6 Nxd4 43. Re4 Nb5 44. a4 $18) 38... c3 39. Qd5+ Kh7 40. Rfxe5 Rxe5 (40... Nxe1 41. Qe4+ $18) 41. Rxe5 Nxe5 (41... c2 42. Qe4+ Kg8 43. Re8+ $18) 42. Qxe5 $18) (37... Qa5 38. Re2 (38. Re3 $2 Qd2 $1) 38... c3 39. Rc2 (39. Rf5 $2 Qa4 40. Qd5+ Kh7 $17 { d1, c2}) 39... Qa4 40. Qd5+ (40. Rxc3 $4 Nf2+ $1 $19) 40... Kh7 41. Rxc3 $18) 38. Rf5 Qd7 (38... c3 39. Qd5+ $1 (39. Bxe5 $4 Rxe5 $1 40. Rxe5 Nf2+ $19) 39... Kh8 40. Bxe5 c2 41. Qxd3 c1=Q 42. Rxc1 Qxc1+ 43. Rf1 $18) (38... Nxe1 39. Qxe1 Rd8 (39... Qd7 40. Rxe5 $18) 40. Bxe5 Qc5 41. h3 $18) 39. Re2 $1 (39. Bxe5 $4 Nxe1 $17) (39. Rxe5 $2 Rxe5 $1 40. Qa8+ (40. Bxe5 $4 Nf2+ $19) 40... Kf7 $1 (40... Kh7 $2 41. Bxe5 $1 Nxe5 (41... Nxe1 42. Qe4+ $18) 42. Qe4+ Ng6 43. Qxc4 $16) 41. Rf1+ Rf5 42. Rxf5+ Qxf5 43. Qxa7+ Ke8 $10) 39... Qa4 (39... Rf8 40. Rxf8+ Kxf8 41. Bxe5 Nf2+ 42. Rxf2+ $18) 40. h3 Qd1+ 41. Kh2 Nf3+ 42. Qxf3 Qxe2 43. Rf8+ Kh7 44. Qf5+ $18) 36... Qc5 $1 $13 37. Qf5 (37. Rb5 $4 Nf2+ 38. Rxf2 Qxf2 39. h3 Qf1+ 40. Kh2 Qd3 $1 $19) 37... a6 $1 38. h3 (38. Rbe1 $6 b5 $1 (38... Nxe1 $4 39. Rxe1 $18) 39. axb5 axb5 40. Qe4 b4 41. Bd4 Qb5 42. Re2 c3 $1 (42... b3 $6 43. Rf5 {} b2 $2 44. Bxb2) 43. Rf5 Qc4 $19) 38... Qc6 39. Bd4 b5 40. axb5 axb5 41. Ra1 Qd5 42. Bxe5 $6 (42. Be3 Qe6 $13 (42... b4 $6 43. Ra6 $1 { h6})) 42... Rxe5 $1 43. Qc8+ Kh7 44. Rf8 { h8, a6} Nc5 $1 45. Rh8+ Kg6 46. Rd8 Qe6 47. Qb8 { d6} Qf6 (47... Ne4 $2 { f6} 48. Ra6 $1 Qxa6 49. Qxe5 Nf6 50. Rb8 $16) 48. Rf8 (48. Rd6 Ne6 $17) 48... Qe7 49. Rf3 $1 { g8!} (49. Ra7 $2 Nd7 $1 50. Rxd7 Re1+ 51. Kh2 Qxd7 52. Qg3+ Kh7 53. Qxe1 Qd6+ $19) 49... Kh7 50. Kh2 $6 { g3, a7} (50. Qxb5 $2 Nb3 51. Ra7 Re1+ 52. Kh2 Qxa7 53. Qf5+ g6 54. Qf8 Re7 $19) (50. Ra7 $1 Nd7 (50... Re1+ 51. Kh2 Qe5+ 52. Qxe5 Rxe5 53. Rff7 Ne6 (53... Rg5 $2 54. h4 Rg6 55. Ra5 Rb6 56. Rf5 $16) 54. Rae7 $1 c3 55. Rxg7+ Kh8 (55... Nxg7 $2 56. Rxe5 b4 57. Rc5 Ne6 58. Rc4 $18) 56. Rh7+ Kg8 57. Rhg7+ $10) 51. Qc7 (51. Rxd7 $2 Re1+ $19) (51. Qc8 Re1+ 52. Kh2 Qe5+ 53. Rg3 Re3 (53... Qd4 $6 54. Rxg7+ $1) 54. Qc7 Rxg3 55. Qxe5 Nxe5 56. Kxg3 c3 57. Rc7 Nc4 $19) 51... Re1+ 52. Kh2 Qe5+ 53. Qxe5 Nxe5 54. Rg3 Ng6 55. Rc7 $15) 50... Nd7 $5 51. Qb7 Nf6 52. Qxe7 Rxe7 53. Rf5 (53. Rb1 $6 Re5 $19 (53... Rb7 $4 54. Rc3 $16)) 53... b4 54. Rf4 Ne4 (54... Rc7 $2 55. Rc1 $16) 55. Ra4 g5 $1 $8 56. Rf8 $2 (56. Rxe4 Rxe4 57. Rxb4 h5 58. Rb5 (58. Rb6 $2 c3 59. Rc6 Re3 60. Kg1 h4 $1 61. Kf2 Rg3 $19) 58... Kg6 (58... c3 $2 59. Rc5 Re3 60. Rxg5 $10) 59. Rc5 h4 $17) 56... Rb7 $19 57. Rc8 Nd2 58. Raa8 b3 59. Rh8+ Kg6 60. Ra6+ Kf5 61. Re8 h5 (61... b2 $4 62. g4+ Kf4 63. Rf6#) 0-1